00455cam a2200169ua 45000010005000000080039000050200018000440400009000620820008000711000035000792450049001142500009001632600044001723000017002166530014002336530038002473004110921n ii |||gr||||Z||||||eng a81-237-4106-5 cMAIN a9201 aDeshmukh, Chintamani,eAuthor.11aHomi Jehangir Bhabhacby Chintamani Deshmukh a1st. aNew Delhi:bNational book trust,c2005. a135p:c23cm. aBiography aBiography of Homi Jehangir Bhabha